Tuyển tập Chính Hữu
Salvato in:
| Autore principale: | |
|---|---|
| Natura: | Libro |
| Lingua: | Undetermined |
| Pubblicazione: |
Hà Nội
Văn Học
1998
|
| Soggetti: | |
| Tags: |
Aggiungi Tag
Nessun Tag, puoi essere il primo ad aggiungerne! !
|
| Thư viện lưu trữ: | Trung tâm Học liệu Trường Đại học Cần Thơ |
|---|
| LEADER | 00514nam a2200181Ia 4500 | ||
|---|---|---|---|
| 001 | CTU_29204 | ||
| 008 | 210402s9999 xx 000 0 und d | ||
| 082 | |a 809 | ||
| 082 | |b Ch312 | ||
| 100 | |a Chính Hữu | ||
| 245 | 0 | |a Tuyển tập Chính Hữu | |
| 245 | 0 | |c Chính Hữu | |
| 260 | |a Hà Nội | ||
| 260 | |b Văn Học | ||
| 260 | |c 1998 | ||
| 650 | |a vietnamese literature - 20th century - collections | ||
| 904 | |i Minh, 990313 | ||
| 980 | |a Trung tâm Học liệu Trường Đại học Cần Thơ | ||